NHL teams - Statistiques

Statistiques générales
  • Ce quiz a été pris 2 851 fois
  • Le résultat moyen est 22 sur 32
Statistiques - réponses
Réponse % Correct
Canadiens
90%
Bruins
81%
Oilers
81%
Rangers
81%
Maple Leafs
77%
Islanders
76%
Kings
76%
Panthers
76%
Canucks
74%
Capitals
72%
Kraken
72%
Stars
72%
Avalanche
71%
Ducks
71%
Golden Knights
70%
Jets
70%
Lightning
70%
Flames
69%
Senators
69%
Sharks
68%
Wild
68%
Blackhawks
67%
Devils
66%
Penguins
66%
Coyotes
63%
Hurricanes
62%
Red Wings
62%
Predators
60%
Flyers
58%
Blues
57%
Sabres
56%
Blue Jackets
55%
Aucun quiz correspondant
Distribution des résultats
% des personnes avec chaque résultat
Percentile par nombre de réponses
Votre historique - résultats
Vous n’avez pas pris ce quiz